000 00781nam a2200289Ia 4500
001 2154
003 IT-RoPAU
008 130308s9999 xx 000 0 und d
040 _aIT-RoPAU
040 _cIT-RoPAU
041 _aITALIANO
100 _aPerino Renato
100 _gCodice Aut. SPICS: 2715
245 _aSoggetto attivo della comunicazione sociale (Il)
245 _bChiesa e I Mass Media (La)
250 _a1a ed.
260 _aROMA
260 _bEdizioni Paoline Fsp
260 _c1969 [1° Ed.:1969 - Ed.Ling.Originale:1967]
300 _a"9 p. (prefazione: no ; testo: 9 [pagine: 115-123])"
650 _aCOMMENTI AI DOCUMENTI ECCLESIASTICI
650 _eCodice materia Spics: 9102
942 _cBK
957 _71
999 _c63155
_d63155
999 _bSI
999 _g1